000 00544nam a2200217Ia 4500
003 OSt
005 20220616094149.0
008 210423s2010 xx 000 0 und d
020 _a9780199599592
040 _cAL
041 _aeng
082 _a541.3 ATKP
100 _aATKINS (Peter);PAULA (Julio de).
_943057
245 _aAtkins physical chemistry.
250 _a9
260 _aUK
_bOxford University Press
_c2010
300 _axxxii,972
_bPB
365 _b625
_cINR
906 _aAtkins ; chemistry. ; physical
942 _2ddc
_cBK
999 _c154833
_d154833